Central Library OPAC University of Rajshahi

Studies in a dying culture / (Record no. 5376)

MARC details
000 -LEADER
fixed length control field 00941nam a2200277 a 4500
001 - CONTROL NUMBER
control field 5376
003 - CONTROL NUMBER IDENTIFIER
rucl marc code BD-RJUL
005 - DATE AND TIME OF LATEST TRANSACTION
control field 20211208234045.0
008 - FIXED-LENGTH DATA ELEMENTS--GENERAL INFORMATION
fixed length control field 131226s1957 enk 000 0 eng d
035 ## - SYSTEM CONTROL NUMBER
System control number (BD-RJUL)5412
System control number (OCoLC)12852097
040 ## - CATALOGING SOURCE
Original cataloging agency EQO
Transcribing agency EQO
Language of cataloging eng
041 ## - LANGUAGE CODE
Language code of text/sound track or separate title eng
082 ## - DEWEY DECIMAL CLASSIFICATION NUMBER
Classification number 335.4
Author mark and year CAS 1957
100 1# - MAIN ENTRY--PERSONAL NAME
Personal name Caudwell, Christopher,
Dates associated with a name 1907-1937.
9 (RLIN) 16898
245 10 - TITLE STATEMENT
Title Studies in a dying culture /
Statement of responsibility, etc. by Christopher Caudwell ; with an introduction by John Strachey
260 ## - PUBLICATION, DISTRIBUTION, ETC. (IMPRINT)
Place of publication, distribution, etc. London :
Name of publisher, distributor, etc. John Lane,
Date of publication, distribution, etc. c1938[Reprinted 1957]
300 ## - PHYSICAL DESCRIPTION
Pagination xxiii, 228 p.
Size 19 cm.
505 0# - FORMATTED CONTENTS NOTE
Formatted contents note George Bernard Shaw -- T.E. Lawrence -- D.H. Lawrence -- H.G. Wells -- Pacifism and violence -- Love -- Freud -- Liberty
526 ## - STUDY PROGRAM INFORMATION NOTE
Requested Dept. Sociology
650 #0 - SUBJECT ADDED ENTRY--TOPICAL TERM
Topical term or geographic name as entry element Social history
Chronological subdivision 20th century.
9 (RLIN) 16899
Topical term or geographic name as entry element Civilization, Modern
Chronological subdivision 20th century
9 (RLIN) 16900
Topical term or geographic name as entry element Communism
9 (RLIN) 16901
942 ## - ADDED ENTRY ELEMENTS (KOHA)
Source of classification or shelving scheme Dewey Decimal Classification
Koha item type Books
Holdings
Lost status Source of classification or shelving scheme Damaged status Not for loan Collection code Permanent Location Current Location Shelving location Date acquired Source of acquisition Cost, normal purchase price Total Checkouts Full call number Date last seen Copy number Koha item type
  Dewey Decimal Classification   Not For Loan Non-fiction Central Library, University of Rajshahi Central Library, University of Rajshahi   22/05/1963 mohidullh ans sons 10.19   335.4 CAS 1957 26/12/2013 C-1 Books